000 01570cam a2200265 a 4500
999 _c8143
_d8143
020 _a9780071748896
020 _a007174889X
020 _a9780071632447
020 _a0071632441
020 _a9780071748872
020 _a0071748873
020 _a9780071748889
020 _a0071748881
050 0 0 _aRC46
_b.H24
245 0 0 _aHarrison's principles of internal medicine.
_ceditors Dan L. Longo et al.
250 _aEighteenth edition /
260 _aNew York :
_b McGraw-Hill, .
_c2012
300 _a2 volumes (xliii, 3,610, 158 pages) :
_billustrations (some color) ;
_c29 cm +
_e1 DVD (4 3/4 in.)
500 _aIncludes index.
505 0 _aPt. 1: Introduction to clinical medicine -- Pt. 2: Cardinal manifestations and presentation of diseases -- Pt. 3: Genes, the environment, and disease -- Pt. 4: Regenerative medicine -- Pt. 5: Aging -- Pt. 6: Nutrition -- Pt. 7: Oncology and hematology -- Pt. 8: Infectious diseases -- Pt. 9: Terrorism and clinical medicine -- Pt. 10: Disorders of the cardiovascular system -- Pt. 11: Disorders of the respiratory system -- Pt. 12: Critical care medicine -- Pt. 13: Disorders of the kidney and urinary tract -- Pt. 14: Disorders of the gastrointestinal system -- Pt. 15: Disorders of the joints and adjacent tissues -- Pt. 16: Endocrinology and metabolism -- Pt. 17: Neurologic disorders -- Pt. 18: Poisoning, drug overdose, and envenomation -- Pt. 19: High-altitude and decompression sickness.
650 0 _aInternal medicine.
700 1 _aLongo, Dan L.
700 1 _aHarrison, Tinsley Randolph,
942 _cBK